Statystyki dla Najbardziej rozproszone narody wyspiarskie

Kliknij tutaj aby rozwiązać quiz!

Ogólne statystyki

  • Ten quiz został rozwiązany 69 razy
  • Średni wynik to 8 z 13

Statystyki odpowiedzi

%Państwo% Poprawnych
53.3Indonezja
76%
8.6Kiribati
71%
63.4Mikronezja
68%
36.4Tuvalu
68%
17.7Wyspy Marshalla
68%
60.6Filipiny
66%
43.3Seszele
66%
4.1Malediwy
65%
33.3Wyspy Salomona
65%
49.2Vanuatu
61%
43.9Republika
Zielonego Przylądka
53%
48.2Tonga
53%
36.2Bahamy
50%

Rozkład punktacji

Percentyl według liczby udzielonych odpowiedzi

Procent ludzi z każdym wynikiem

Twoja historia wyników

Nie rozwiązałeś tego quizu